Palmarés de Grand Slams - Estadísticas

Estadísticas generales
  • Esta prueba ha sido intentada 124 veces
    88 desde el último reinicio
  • La puntuación promedio es 11 de 20
Estadísticas de respuestas
Nº torneos Tenista % Correcto
24 Novak Djokovic
100%
22 Rafael Nadal
100%
20 Roger Federer
100%
4 Carlos Alcaraz
84%
3 Andy Murray
83%
14 Pete Sampras
76%
11 Björn Borg
75%
8 Andre Agassi
70%
7 John McEnroe
65%
8 Jimmy Connors
45%
8 Ivan Lendl
44%
6 Boris Becker
41%
4 Guillermo Vilas
41%
5 Rod Laver
38%
7 Mats Wilander
34%
6 Stefan Edberg
33%
4 Jim Courier
26%
5 John Newcombe
14%
4 Ken Rosewall
10%
3 Jan Kodes
9%
No se encontraron pruebas coincidentes
Distribución de puntuación
Porcentaje de gente con cada puntuación
Porcentaje por número respondido
Historial de tus puntuaciones
No has intentado esta prueba desde el último reinicio